Arsenal players with 200+ Premier League appearances - Statistics

General Stats
  • This quiz has been taken 54 times
  • The average score is 25 of 35
Answer Stats
Appearances Years Nation Player % Correct
315 1995 - 2006 The Netherlands Dennis Bergkamp
96%
258 1999 - 2012 France Thierry Henry
94%
262 2008 - 2019 Wales Aaron Ramsey
90%
225 2016 - 2023 Switzerland Granit Xhaka
90%
184 2013 - 2020 Germany Mesut Ozil
90%
255 1992 - 2002 England Tony Adams
88%
156 2011 - 2018 Germany Per Mertesacker
86%
167 2019 - Present England Bukayo Saka
84%
270 2006 - 2018 England Theo Walcott
84%
170 2006 - 2015 Czech Republic Tomas Rosicky
84%
325 1992 - 2003 England David Seaman
82%
189 2000 - 2006 France Robert Pires
82%
225 2002 - 2009 Ivory Coast Kolo Toure
80%
180 2012 - 2018 France Olivier Giroud
80%
279 1996 - 2005 France Patrick Vieira
80%
194 2004 - 2012 The Netherlands Robin Van Persie
80%
191 1992 - 1998 England Ian Wright
78%
212 2004 - 2011 Spain Cesc Fabregas
76%
170 2002 - 2008 Brazil Gilberto Silva
76%
156 2000 - 2006 England Ashley Cole
74%
158 2017 - 2022 France Alexandre Lacazette
72%
187 2013 - 2019 Spain Nacho Monreal
70%
183 2014 - 2021 Spain Hector Bellerin
68%
213 2007 - 2014 France Bakary Sagna
66%
187 2003 - 2011 France Gael Clichy
64%
305 1992 - 2002 England Lee Dixon
62%
255 2010 - 2019 France Laurent Koscielny
54%
216 1998 - 2007 Germany Freddie Ljungberg
52%
333 1992 - 2004 England Ray Parlour
50%
310 1993 - 2004 England Martin Keown
48%
159 2000 - 2006 France Lauren
46%
270 1992 - 2000 England Nigel Winterburn
46%
168 2004 - 2016 France Mathieu Flamini
38%
160 1992 - 1997 England Paul Merson
38%
175 1992 - 1999 England Steve Bould
36%
No matching quizzes found
Score Distribution
Percent of People with Each Score
Percentile by Number Answered
Your Score History
You have not taken this quiz